[Event "65. BEM 2011"]
[Site "Dortmund"]
[Date "2011.02.10"]
[Round "3.17"]
[White "Riepe, Markus"]
[Black "Duschek, Günter"]
[Result "0-1"]
[WhiteElo "839"]
[BlackElo "1609"]
[PlyCount "86"]
[EventDate "2011.??.??"]
[Source "SG Dortmund"]
[SourceDate "2004.12.16"]

1. e4 d5 2. exd5 Qxd5 3. Nc3 Qd8 4. Nf3 Bf5 5. d4 c6 6. Be2 e6 7. O-O Nf6 8.
Be3 h6 9. a4 a5 10. Bd3 Bxd3 11. Qxd3 Na6 12. Na2 Nd5 13. c3 Be7 14. Bd2 Bf6
15. Rfe1 O-O 16. b3 Re8 17. b4 axb4 18. cxb4 Ne7 19. Re4 Ng6 20. b5 Nc5 21. Qc2
Nxe4 22. Qxe4 cxb5 23. a5 b6 24. Nc1 bxa5 25. Ne2 b4 26. Ng3 Qd5 27. Qxd5 exd5
28. Nh5 Bg5 29. Bxg5 hxg5 30. Nxg5 b3 31. Rb1 a4 32. Nf6+ gxf6 33. Nf3 Rec8 34.
h4 Rc2 35. h5 Nf4 36. h6 Kh7 37. g4 b2 38. g5 Rc1+ 39. Rxc1 bxc1=Q+ 40. Kh2
fxg5 41. Nxg5+ Kxh6 42. Nxf7+ Kg7 43. Nh6 Kxh6 0-1

[Event "65. BEM 2011"]
[Site "Dortmund"]
[Date "2011.02.10"]
[Round "3.18"]
[White "Vojdani, Bahram"]
[Black "Reker, Gerhard"]
[Result "1-0"]
[WhiteElo "1596"]
[BlackElo "724"]
[PlyCount "61"]
[EventDate "2011.??.??"]
[Source "SG Dortmund"]
[SourceDate "2004.12.16"]

1. e4 e5 2. Nf3 d6 3. Bc4 Nf6 4. d3 Be7 5. O-O O-O 6. Re1 Bg4 7. h3 Bxf3 8.
Qxf3 Nc6 9. c3 a6 10. Bb3 b5 11. Be3 Qe8 12. Nd2 Na5 13. Bc2 c6 14. b4 Nb7 15.
a4 Nd8 16. axb5 cxb5 17. c4 Ne6 18. Bb3 Nd4 19. Bxd4 exd4 20. e5 dxe5 21. Rxe5
Qd8 22. c5 Ra7 23. Rae1 Re8 24. Ne4 Nxe4 25. Qxf7+ Kh8 26. R1xe4 Rf8 27. Qd5
Qxd5 28. Bxd5 Bf6 29. Re8 Be7 30. R4xe7 Rxe7 31. Rxf8# 1-0

[Event "65. BEM 2011"]
[Site "Dortmund"]
[Date "2011.02.10"]
[Round "3.19"]
[White "Wilkins, Petra"]
[Black "Dite, Alexander"]
[Result "0-1"]
[WhiteElo "778"]
[BlackElo "1593"]
[PlyCount "82"]
[EventDate "2011.??.??"]
[Source "SG Dortmund"]
[SourceDate "2004.12.16"]

1. d4 d5 2. Nf3 Nf6 3. e3 e6 4. c4 c6 5. c5 Be7 6. Ne5 Qc7 7. Be2 Nbd7 8. Nxd7
Bxd7 9. Nd2 e5 10. O-O exd4 11. exd4 O-O 12. Nf3 h6 13. Ne5 Bf5 14. Bd3 Bxd3
15. Qxd3 Ne4 16. Bf4 Bg5 17. Be3 Nxc5 18. dxc5 Qxe5 19. Bxg5 Qxg5 20. Rfe1 Rfe8
21. Qh3 Re7 22. g3 Rae8 23. Rxe7 Qxe7 24. b4 Qe6 25. g4 Qe4 26. a3 Re6 27. Rf1
Rg6 28. f3 Qe3+ 29. Kg2 Qxa3 30. Qg3 Qxb4 31. Qb8+ Kh7 32. Qxa7 f5 33. h3 fxg4
34. hxg4 Re6 35. Rf2 d4 36. f4 d3 37. f5 Qxg4+ 38. Kf1 Re2 39. Qa1 Rxf2+ 40.
Kxf2 d2 41. Qg1 Qxg1+ 0-1

[Event "65. BEM 2011"]
[Site "Dortmund"]
[Date "2011.02.10"]
[Round "3.20"]
[White "Büchle, Manfred"]
[Black "Skoecz, Horst"]
[Result "1-0"]
[WhiteElo "1853"]
[BlackElo "1250"]
[PlyCount "79"]
[EventDate "2011.??.??"]
[Source "SG Dortmund"]
[SourceDate "2004.12.16"]

1. e4 e6 2. d4 d5 3. e5 c6 4. f4 b5 5. Nf3 Be7 6. Bd3 Nh6 7. O-O a6 8. c3 Nd7
9. Qc2 Nf8 10. Be3 Ng4 11. Bd2 Nh6 12. h3 c5 13. dxc5 Bxc5+ 14. Kh1 Be7 15. a4
Bd7 16. axb5 axb5 17. Rxa8 Qxa8 18. Nd4 Qb7 19. Qb3 Nf5 20. Nxf5 exf5 21. Na3
Ne6 22. Bxb5 O-O 23. c4 Nc5 24. Qc2 Ne4 25. Be1 Bxa3 26. Bxd7 Qxd7 27. bxa3
dxc4 28. Qxc4 Rc8 29. Qb3 Ra8 30. Bb4 Qb5 31. Rc1 Nf2+ 32. Kh2 Ne4 33. e6 Qe8
34. e7 h5 35. Qd5 g6 36. Rd1 Kg7 37. Qxa8 Qxa8 38. Rd8 Qa4 39. e8=Q Qb3 40.
Qh8# 1-0

[Event "65. BEM 2011"]
[Site "Dortmund"]
[Date "2011.02.10"]
[Round "3.21"]
[White "Raabe, Hans-Ulrich"]
[Black "Wangrin, Stefan A"]
[Result "1-0"]
[WhiteElo "1468"]
[BlackElo "1157"]
[PlyCount "101"]
[EventDate "2011.??.??"]
[Source "SG Dortmund"]
[SourceDate "2004.12.16"]

1. e4 e5 2. Nf3 Nc6 3. Bb5 Nge7 4. d4 a6 5. Ba4 b5 6. Bb3 d6 7. dxe5 dxe5 8.
Qxd8+ Nxd8 9. Nxe5 Be6 10. Be3 Bxb3 11. axb3 Ndc6 12. Nxc6 Nxc6 13. c3 Ne5 14.
Ke2 Bd6 15. h3 O-O 16. Nd2 f5 17. f3 Ng6 18. exf5 Rxf5 19. Ne4 Bf4 20. Rad1
Bxe3 21. Kxe3 Nh4 22. Kf2 a5 23. Rd7 Rf7 24. Rhd1 h6 25. Rxf7 Kxf7 26. Rd7+ Kg6
27. Rxc7 a4 28. Rc6+ Kh7 29. g3 Ng6 30. Rb6 Ne5 31. Rxb5 Nd3+ 32. Ke3 Nxb2 33.
bxa4 Nxa4 34. c4 Re8 35. Kd4 Rd8+ 36. Ke5 Re8+ 37. Kd6 Rd8+ 38. Kc7 Rd3 39. Rb4
Nc3 40. Nxc3 Rxc3 41. g4 Rxf3 42. c5 Rxh3 43. c6 Rh4 44. Kb7 h5 45. c7 Rxg4 46.
Rxg4 hxg4 47. c8=Q Kh6 48. Qxg4 g5 49. Kc6 Kg6 50. Kd6 Kh6 51. Ke7 1-0

[Event "65. BEM 2011"]
[Site "Dortmund"]
[Date "2011.02.10"]
[Round "3.22"]
[White "Dirks, Rainer"]
[Black "Strotmann, Dieter"]
[Result "1-0"]
[WhiteElo "1258"]
[BlackElo "1343"]
[PlyCount "73"]
[EventDate "2011.??.??"]
[Source "SG Dortmund"]
[SourceDate "2004.12.16"]

1. c4 Nf6 2. Nc3 g6 3. e4 d6 4. Nf3 Bg4 5. Be2 Bg7 6. h3 Bxf3 7. Bxf3 c6 8. d4
O-O 9. O-O Nbd7 10. Be3 e5 11. Bg5 Qb6 12. Be3 Qc7 13. b4 a6 14. d5 cxd5 15.
Nxd5 Nxd5 16. cxd5 f5 17. Rc1 Qd8 18. Qd3 f4 19. Bd2 b5 20. Rc6 Nb6 21. g3 fxg3
22. fxg3 Nc4 23. Bc1 Qd7 24. Bg4 Qa7+ 25. Kg2 Rxf1 26. Qxf1 Rf8 27. Be6+ Kh8
28. Rc8 Rxc8 29. Bxc8 h5 30. Be6 Kh7 31. Bg5 Bh6 32. Qf6 Bxg5 33. Qxg5 Qe3 34.
Qe7+ Kh6 35. Qf8+ Kh7 36. Qg8+ Kh6 37. Qh8+ 1-0

[Event "65. BEM 2011"]
[Site "Dortmund"]
[Date "2011.02.10"]
[Round "3.23"]
[White "Krüger, Inge"]
[Black "Gennat, Egon L"]
[Result "0-1"]
[WhiteElo "1246"]
[BlackElo "1318"]
[PlyCount "108"]
[EventDate "2011.??.??"]
[Source "SG Dortmund"]
[SourceDate "2004.12.16"]

1. d4 g6 2. c4 Bg7 3. Nc3 Nf6 4. Nf3 d6 5. e4 O-O 6. Be2 Nbd7 7. O-O c5 8. d5
a6 9. Qc2 e5 10. b3 h6 11. Bb2 Nh5 12. Rfe1 Ndf6 13. h3 Nf4 14. Bf1 Nh7 15. Ne2
Ng5 16. Nxg5 Qxg5 17. Nxf4 exf4 18. Bxg7 Kxg7 19. Qc3+ Kh7 20. e5 Qd8 21. Qf3
dxe5 22. Rxe5 f6 23. Ree1 Qd6 24. Bd3 Kg7 25. Re2 Bd7 26. Rae1 Rae8 27. Re4
Rxe4 28. Rxe4 Bf5 29. Re1 Bd7 30. Qd1 Re8 31. Rxe8 Bxe8 32. Qg4 b6 33. Qc8 Bf7
34. Qxa6 f5 35. Qa3 Qe5 36. Qc1 g5 37. Kf1 Bh5 38. Qe1 Kf6 39. Qxe5+ Kxe5 40.
f3 g4 41. Kf2 g3+ 42. Ke2 Bg6 43. a3 Kd4 44. d6 Be8 45. Kd2 Bd7 46. b4 Ke5 47.
bxc5 bxc5 48. Bc2 Kxd6 49. a4 Kc7 50. Kc3 Kb6 51. Kb3 Ka5 52. Ka3 Bc6 53. h4
Bxf3 54. gxf3 g2 0-1

[Event "65. BEM 2011"]
[Site "Dortmund"]
[Date "2011.02.10"]
[Round "3.24"]
[White "Jentzsch, Werner Wilfried"]
[Black "Da Costa-Hoppe, Andreas"]
[Result "0-1"]
[WhiteElo "1301"]
[BlackElo "1040"]
[PlyCount "150"]
[EventDate "2011.??.??"]
[Source "SG Dortmund"]
[SourceDate "2004.12.16"]

1. d4 d5 2. Nc3 Nf6 3. Bf4 Bf5 4. Nb5 Na6 5. Nf3 c6 6. Nc3 e6 7. h3 h6 8. g4
Bh7 9. Rg1 g5 10. Be5 Bd6 11. h4 Rg8 12. hxg5 hxg5 13. Bxf6 Qxf6 14. Rh1 Qg6
15. Qd2 O-O-O 16. Rh5 f6 17. e3 Nb4 18. Bd3 Nxd3+ 19. cxd3 Qxd3 20. Qxd3 Bxd3
21. Rh6 Rdf8 22. Kd2 Bg6 23. Rc1 Kb8 24. a4 Bb4 25. Ke2 Re8 26. Na2 Bd6 27. b4
e5 28. dxe5 Bxe5 29. b5 cxb5 30. axb5 Bb2 31. Rc5 d4 32. Nb4 Re6 33. Nd3 Bc3
34. b6 axb6 35. Rc4 b5 36. Nxd4 bxc4 37. Nxe6 Bxd3+ 38. Kd1 b6 39. Nd4 Rd8 40.
Rxf6 Bxd4 41. exd4 Kb7 42. Rf7+ Ka6 43. Rg7 Rxd4 44. Rxg5 Bf5+ 45. Ke2 Rxg4 46.
Rxf5 Rd4 47. Ke3 Rd3+ 48. Ke2 b5 49. f4 b4 50. Rf8 Kb5 51. Rb8+ Ka4 52. Ra8+
Kb3 53. f5 Kc2 54. f6 Rd7 55. Ra4 Kc3 56. Ra1 Rf7 57. Rc1+ Kd4 58. Rf1 Ke5 59.
Kd2 Rxf6 60. Re1+ Kd4 61. Re2 Rf3 62. Kc2 b3+ 63. Kb2 Rc3 64. Rd2+ Rd3 65. Rh2
Kc5 66. Rh5+ Kb4 67. Rh8 Rd2+ 68. Kc1 Kc3 69. Rh3+ Rd3 70. Rh2 Rg3 71. Rh1 Rg2
72. Rh3+ Kb4 73. Rh1 b2+ 74. Kb1 Kb3 75. Rh3+ c3 0-1

[Event "65. BEM 2011"]
[Site "Dortmund"]
[Date "2011.02.10"]
[Round "3.25"]
[White "Da Costa, Pablo"]
[Black "Müller, Carsten"]
[Result "0-1"]
[WhiteElo "1083"]
[BlackElo "1299"]
[PlyCount "50"]
[EventDate "2011.??.??"]
[Source "SG Dortmund"]
[SourceDate "2004.12.16"]

1. e4 e5 2. Nf3 Nc6 3. Bc4 h6 4. O-O Nf6 5. Nc3 Bc5 6. a3 O-O 7. b4 Bd4 8. Bb2
d6 9. d3 a6 10. Rb1 Bxc3 11. Bxc3 Bg4 12. h3 Bh5 13. Re1 Re8 14. Re3 d5 15.
exd5 Nxd5 16. Bxd5 Qxd5 17. g4 Bg6 18. Qe2 f6 19. Rd1 Nd4 20. Bxd4 exd4 21.
Rxe8+ Rxe8 22. Qd2 Qxf3 23. Kh2 Re2 24. Qxe2 Qxe2 25. Rg1 Qxc2 0-1

[Event "65. BEM 2011"]
[Site "Dortmund"]
[Date "2011.02.14"]
[Round "4.1"]
[White "Kohlweyer, Bernd"]
[Black "Zelt, Jens"]
[Result "1-0"]
[WhiteElo "2459"]
[BlackElo "2013"]
[PlyCount "89"]
[EventDate "2011.??.??"]
[Source "SG Dortmund"]
[SourceDate "2004.12.16"]

1. d4 e6 2. c4 d5 3. Nc3 c6 4. e3 Bd6 5. Nf3 f5 6. Bd3 Ne7 7. b3 O-O 8. Bb2 Nd7
9. Ne2 Nf6 10. O-O Ng6 11. Rc1 Ne4 12. g3 Bd7 13. Rc2 Qe7 14. Ne5 Be8 15. f3
Nf6 16. Qa1 Nh8 17. c5 Bc7 18. Qe1 Nf7 19. b4 a6 20. Bc3 Nxe5 21. dxe5 Nd7 22.
f4 a5 23. Nd4 axb4 24. Bxb4 Bf7 25. Qc3 Ra7 {(=)} 26. Nb5 Bb8 27. Nxa7 Bxa7 28.
Ba3 Qd8 29. Rb1 Qc7 30. Be2 Ra8 31. Kg2 h6 32. Rb3 g5 33. Bb4 Qc8 34. Ra3 Qe8
35. Ra5 Qb8 36. Qa3 Kh7 37. Bd2 h5 38. Rb2 h4 39. Rb6 gxf4 40. exf4 Nxe5 41.
fxe5 Qxe5 42. Qe3 h3+ 43. Kxh3 Qb8 44. Qh6+ Kg8 45. Bg5 1-0

[Event "65. BEM 2011"]
[Site "Dortmund"]
[Date "2011.02.14"]
[Round "4.2"]
[White "Brockmann, Michael"]
[Black "Begna, Bozidar"]
[Result "0-1"]
[WhiteElo "2062"]
[BlackElo "1932"]
[PlyCount "100"]
[EventDate "2011.??.??"]
[Source "SG Dortmund"]
[SourceDate "2004.12.16"]

1. Nf3 Nf6 2. c4 e6 3. g3 a6 4. Bg2 b5 5. b3 Bb7 6. O-O Be7 7. Qc2 c5 8. Re1
Nc6 9. Bb2 bxc4 10. bxc4 Rb8 11. d3 O-O 12. Nbd2 Qc7 13. e4 e5 14. Nf1 Ba8 15.
Qd2 Nd4 16. Ne3 Rfe8 17. Bc3 Bf8 18. g4 Qc6 19. h4 Qe6 20. Nh2 g6 21. f3 h6 22.
Nhf1 Nh7 23. Qf2 Be7 24. Kh2 Qf6 25. Kh3 Ne6 26. Reb1 Nf4+ 27. Kh2 Nxd3 28.
Rxb8 Rxb8 29. Qg3 Nf4 30. Re1 d6 31. g5 hxg5 32. Ng4 Qg7 33. hxg5 Nxg5 34. Nfe3
Qh7+ 35. Kg1 Rb1 36. Rxb1 Ne2+ 37. Kf2 Nxg3 38. Rb8+ Kg7 39. Kxg3 Ne6 40. Kf2
Bc6 41. Rb6 Qh4+ 42. Kf1 Nd4 43. Bxd4 exd4 44. Rxc6 dxe3 45. Ke2 Qg3 46. Nxe3
Bh4 47. Rxa6 Qf2+ 48. Kd3 Bg5 49. Nf5+ gxf5 50. Rxd6 Qd2# 0-1

[Event "65. BEM 2011"]
[Site "Dortmund"]
[Date "2011.02.14"]
[Round "4.3"]
[White "Grube, Jörg"]
[Black "Schiefelbusch, Dirk"]
[Result "1/2-1/2"]
[WhiteElo "1853"]
[BlackElo "2070"]
[PlyCount "40"]
[EventDate "2011.??.??"]
[Source "SG Dortmund"]
[SourceDate "2004.12.16"]

1. e4 c6 2. d4 d5 3. Nc3 b5 4. exd5 b4 5. Nce2 cxd5 6. a3 bxa3 7. Rxa3 e6 8.
Ra2 Nf6 9. Nf3 Nc6 10. c3 Bd6 11. Bf4 O-O 12. Bxd6 Qxd6 13. Ng3 a5 14. Bb5 Ba6
15. Bxa6 Rxa6 16. O-O Rb6 17. Qe2 Rfb8 18. Ne5 Qc7 19. Nd3 Nd7 20. f4 g6 {(=)}
1/2-1/2

[Event "65. BEM 2011"]
[Site "Dortmund"]
[Date "2011.02.14"]
[Round "4.4"]
[White "Ziemek, Gerhard"]
[Black "Kropp, Andreas"]
[Result "0-1"]
[WhiteElo "1638"]
[BlackElo "1951"]
[PlyCount "70"]
[EventDate "2011.??.??"]
[Source "SG Dortmund"]
[SourceDate "2004.12.16"]

1. d4 Nf6 2. Nc3 d5 3. f3 c6 4. e4 dxe4 5. fxe4 e5 6. Nf3 exd4 7. Nxd4 Bb4 8.
Qd3 O-O 9. Be2 Re8 10. Bf3 Nxe4 11. O-O Qxd4+ 12. Qxd4 Bc5 13. Nxe4 Bxd4+ 14.
Kh1 Be5 15. c3 Na6 16. Bd2 Bf5 17. Rae1 Rad8 18. Bc1 Bg6 19. h4 f6 20. h5 Bf7
21. g4 Bxa2 22. Kg2 Bc4 23. Rf2 Nc7 24. Ng3 g6 25. hxg6 hxg6 26. Ne2 Nd5 27.
Rh1 Kg7 28. Rh4 Bd3 29. Nd4 Bc7 30. Bd2 Re7 31. b3 Ne3+ 32. Kg1 Bg3 33. Rh3
Bxf2+ 34. Kxf2 f5 35. Rh4 c5 0-1

[Event "65. BEM 2011"]
[Site "Dortmund"]
[Date "2011.02.14"]
[Round "4.5"]
[White "Raskin, Vitali"]
[Black "Schütte, Tobias"]
[Result "0-1"]
[WhiteElo "1749"]
[BlackElo "1897"]
[PlyCount "48"]
[EventDate "2011.??.??"]
[Source "SG Dortmund"]
[SourceDate "2004.12.16"]

1. d4 Nf6 2. c4 c5 3. d5 b5 4. b3 bxc4 5. bxc4 d6 6. Nf3 Nbd7 7. Qa4 g6 8. Bb2
Bg7 9. g3 O-O 10. Nbd2 Rb8 11. Bc3 Nb6 12. Qc2 Bf5 13. e4 Nxe4 14. Bxg7 Nxd2
15. Qxd2 Kxg7 16. Be2 Na4 17. O-O Rb2 18. Qe3 e6 19. Nh4 Bh3 20. Rfc1 exd5 21.
Bd1 Re8 22. Bxa4 Rxe3 23. fxe3 Qf6 24. Bc2 Rxc2 0-1

[Event "65. BEM 2011"]
[Site "Dortmund"]
[Date "2011.02.14"]
[Round "4.6"]
[White "Hellwig, Thomas"]
[Black "Vojdani, Bahram"]
[Result "1-0"]
[WhiteElo "1886"]
[BlackElo "1596"]
[PlyCount "70"]
[EventDate "2011.??.??"]
[Source "SG Dortmund"]
[SourceDate "2004.12.16"]

1. d4 Nf6 2. Nf3 e6 3. c4 d5 4. g3 c6 5. Bg2 Bb4+ 6. Bd2 Bxd2+ 7. Qxd2 O-O 8.
O-O Nbd7 9. Nc3 dxc4 10. a4 a5 11. Rfd1 Qe7 12. e4 e5 13. d5 cxd5 14. exd5 Nc5
15. d6 Qe6 16. Qe3 Nd3 17. b3 Ng4 18. Qg5 Ngxf2 19. Rf1 h6 20. Qd2 Ng4 21. Nb5
Qd5 22. Kh1 Qc5 23. h3 Ne3 24. bxc4 e4 25. Nfd4 Nxf1 26. Rxf1 Bd7 27. Bxe4 Nb4
28. Bxb7 Rab8 29. Bg2 Qxc4 30. Kh2 Qc5 31. Qf4 Rb6 32. h4 Nd3 33. Qe4 Nb4 34.
Nb3 Qc6 35. Qd4 Qc2 {und Schwarz ueberschritt die Zeit ...} 1-0

[Event "65. BEM 2011"]
[Site "Dortmund"]
[Date "2011.02.14"]
[Round "4.7"]
[White "Duschek, Günter"]
[Black "Simon, Thomas"]
[Result "1/2-1/2"]
[WhiteElo "1609"]
[BlackElo "1870"]
[PlyCount "115"]
[EventDate "2011.??.??"]
[Source "SG Dortmund"]
[SourceDate "2004.12.16"]

1. d4 Nf6 2. Bf4 c5 3. d5 b5 4. e3 a6 5. Be2 Qa5+ 6. c3 d6 7. Bf3 Bb7 8. Ne2
Nbd7 9. O-O g6 10. h3 Bg7 11. e4 O-O 12. Ng3 Ne8 13. Qc1 Ne5 14. Bxe5 Bxe5 15.
h4 e6 16. dxe6 fxe6 17. Bg4 Bc8 18. f4 Bg7 19. Nd2 Bh6 20. Nb3 Qd8 21. Ne2 Qxh4
22. Bh3 Nf6 23. Qc2 e5 24. Rf3 exf4 25. Raf1 Bg4 26. Bxg4 Nxg4 27. Rh3 Qg5 28.
Qd3 Ne3 29. Rf2 Rad8 30. Nd2 Ng4 31. Rf1 Bg7 32. Nf3 Qe7 33. Nd2 h5 34. Nxf4
Rxf4 35. Rxf4 Qe5 36. Qd5+ Qxd5 37. exd5 Bh6 38. Rxg4 Bxd2 39. Rxg6+ Kf7 40.
Re6 Bc1 41. b3 b4 42. c4 a5 43. Rxh5 a4 44. Rh7+ Kg8 45. Ra7 a3 46. Rg6+ Kh8
47. Rg4 Re8 48. Rf7 Re1+ 49. Kh2 Bb2 50. Rf5 Be5+ 51. g3 Bg7 52. Rfg5 Re2+ 53.
Kg1 Rb2 54. Kf1 Rxa2 55. Rxg7 Ra1+ 56. Ke2 Rb1 57. Ra7 Rb2+ 58. Kd3 {und der na
ch drei nicht mehr korrekt notierten Zuegen erfolgte Friedensschluss sowie
eine Reihe vorangegangener planloser Zuege erklaert sich durch beidseits
hochgradige Zeitnot ...} 1/2-1/2

[Event "65. BEM 2011"]
[Site "Dortmund"]
[Date "2011.02.14"]
[Round "4.8"]
[White "Schultz, Bernfried"]
[Black "Dreier, Daniel"]
[Result "1-0"]
[WhiteElo "1692"]
[BlackElo "1841"]
[PlyCount "125"]
[EventDate "2011.??.??"]
[Source "SG Dortmund"]
[SourceDate "2004.12.16"]

1. e4 e6 2. d4 d5 3. Nc3 Bb4 4. e5 c5 5. a3 Bxc3+ 6. bxc3 Qc7 7. Qg4 Ne7 8.
Qxg7 Rg8 9. Qxh7 cxd4 10. Ne2 dxc3 11. f4 Nbc6 12. Qd3 Bd7 13. Qxc3 Rc8 14. Rb1
Qd8 15. Qd3 Rc7 16. Rg1 Na5 17. g4 Ba4 18. Nd4 a6 19. Bd2 Nc4 20. Rg3 Nxd2 21.
Qxd2 Nc6 22. Nxc6 Bxc6 23. g5 Ba4 24. Rc3 Rh8 25. Rxc7 Qxc7 26. Bd3 b5 27. Rb4
Qc5 28. Kf1 a5 29. Rb1 Rh4 30. c3 Rg4 31. Qf2 Qxf2+ 32. Kxf2 Rh4 33. Kg3 Rh8
34. Bxb5+ Bxb5 35. Rxb5 Kd7 36. h4 Rc8 37. Rxa5 Rxc3+ 38. Kg4 d4 39. Ra4 d3 40.
Rd4+ Kc6 41. a4 Kc5 42. Rd7 Kc4 43. h5 Rc2 44. Kf3 Kc3 45. Rxf7 Kb2 46. Ke3 d2
47. Rd7 Kc1 48. h6 Rc3+ 49. Ke2 Rc2 50. Rxd2 Rxd2+ 51. Ke3 Rh2 52. a5 Ra2 53.
h7 Rh2 54. g6 Rh3+ 55. Kf2 Rh2+ 56. Kg3 Rh6 57. Kf3 Kd2 58. g7 Rh3+ 59. Kg4 Rh2
60. g8=Q Rg2+ 61. Kh5 Rh2+ 62. Kg6 Rg2+ 63. Kf7 1-0

[Event "65. BEM 2011"]
[Site "Dortmund"]
[Date "2011.02.14"]
[Round "4.9"]
[White "Sonntag, Joachim"]
[Black "Jähnicke, Karl-Heinz"]
[Result "0-1"]
[WhiteElo "1826"]
[BlackElo "1694"]
[PlyCount "44"]
[EventDate "2011.??.??"]
[Source "SG Dortmund"]
[SourceDate "2004.12.16"]

1. e4 e5 2. Nf3 d6 3. Bc4 Be7 4. Nc3 Nf6 5. d4 exd4 6. Nxd4 O-O 7. O-O Nc6 8.
Nxc6 bxc6 9. f4 Nxe4 10. Nxe4 d5 11. Bd3 dxe4 12. Bxe4 Ba6 13. Qxd8 Raxd8 14.
Re1 Bb4 15. c3 Bc5+ 16. Kh1 Rfe8 17. Be3 Bxe3 18. Bxc6 Re6 19. f5 Rxc6 20. Rxe3
h6 {unsichere Notation} 21. b3 Rd2 22. c4 Rf6 {Notation unklar} 0-1

[Event "65. BEM 2011"]
[Site "Dortmund"]
[Date "2011.02.14"]
[Round "4.10"]
[White "Dite, Alexander"]
[Black "Hoppe, Dirk"]
[Result "0-1"]
[WhiteElo "1593"]
[BlackElo "1815"]
[PlyCount "68"]
[EventDate "2011.??.??"]
[Source "SG Dortmund"]
[SourceDate "2004.12.16"]

1. d4 d5 2. c4 e6 3. Nc3 f5 4. Nf3 Nf6 5. g3 c6 6. cxd5 exd5 7. Bg2 Be7 8. O-O
O-O 9. Bf4 Nbd7 10. Qc2 Ne4 11. Rab1 Ndf6 12. b4 Bd7 13. Na4 b6 14. Qb3 Qe8 15.
Nb2 Rc8 16. Nd3 Be6 17. Rfc1 h6 18. Rc2 Nd6 19. Bxd6 Bxd6 20. Rbc1 Ne4 21. Nfe5
c5 22. bxc5 bxc5 23. dxc5 d4 24. Qb2 Bxe5 25. Nxe5 Nc3 26. Nd3 Bc4 27. c6 Qe7
28. Rd2 Rfe8 29. Nf4 Qf6 30. Qb4 Nxe2+ 31. Nxe2 Bxe2 32. Rxd4 Bb5 {(=)} 33. Rd6
Qe7 34. Rd7 $4 Qxb4 0-1

[Event "65. BEM 2011"]
[Site "Dortmund"]
[Date "2011.02.14"]
[Round "4.11"]
[White "Gegner, Michael"]
[Black "Stukemeier, Ralf"]
[Result "0-1"]
[WhiteElo "1567"]
[BlackElo "1779"]
[PlyCount "36"]
[EventDate "2011.??.??"]
[Source "SG Dortmund"]
[SourceDate "2004.12.16"]

1. d4 d5 2. e4 e6 3. c4 c5 4. dxc5 Bxc5 5. exd5 Qb6 6. Qf3 Nf6 7. Nc3 O-O 8.
Bd3 Nbd7 9. Qg3 Bd6 10. f4 Re8 11. Nge2 Nc5 12. Bc2 exd5 13. Nxd5 Nxd5 14. cxd5
Bd7 15. Kd1 Ne4 16. Bxe4 Rxe4 17. Nc3 Rd4+ 18. Bd2 Qxb2 0-1

[Event "65. BEM 2011"]
[Site "Dortmund"]
[Date "2011.02.14"]
[Round "4.12"]
[White "Schulz-Runge, Michael"]
[Black "Gerke, Dieter"]
[Result "1/2-1/2"]
[WhiteElo "1766"]
[BlackElo "1442"]
[PlyCount "149"]
[EventDate "2011.??.??"]
[Source "SG Dortmund"]
[SourceDate "2004.12.16"]

1. e4 c5 2. Bc4 Nc6 3. Nf3 e6 4. d4 cxd4 5. Nxd4 Nf6 6. O-O a6 7. Bf4 Qa5 8.
Nxc6 bxc6 9. e5 Nd5 10. Bd2 Qc7 11. Qe2 Be7 12. Bb3 a5 13. c4 Nb6 14. Nc3 Ba6
15. Qg4 Qxe5 16. Bf4 h5 17. Qf3 Qf5 18. Ne4 Nxc4 19. Rfc1 Ne5 20. Qg3 Ng6 21.
Nd6+ Bxd6 22. Bxd6 h4 23. Qe3 Qd3 24. Qc5 h3 25. Rc3 Qb5 26. Qxb5 Bxb5 27. a4
Be2 28. Re1 Ba6 29. Ree3 hxg2 30. Rh3 Nh4 31. Rcg3 Be2 32. Rxg7 O-O-O 33. Rgg3
Nf5 34. Rxh8 Rxh8 35. Be5 Nxg3 36. Bxh8 Nh5 37. Kxg2 Kc7 38. f3 f6 39. Kf2 Bd3
40. Ke3 Bg6 41. f4 Kd6 42. Bd1 Ke7 43. b3 c5 44. Bf3 d6 45. Be2 Kf7 46. Bf3 Ke7
47. Bxh5 Bxh5 48. Kd3 d5 49. Bg7 Bg6+ 50. Kc3 Kf7 51. Bh6 e5 52. fxe5 fxe5 53.
Bg5 Ke6 54. Bd8 d4+ 55. Kd2 e4 56. Bxa5 e3+ 57. Ke1 d3 58. Bc3 Kd5 59. h3 Bf7
60. h4 Ke4 61. a5 Bxb3 62. a6 Bd5 63. h5 Kf5 64. h6 Kg6 65. Be5 Kxh6 $4 (65...
d2+ 66. Ke2 Bc4+ {nebst Matt in wenigen Zuegen!}) 66. Bf4+ Kg6 67. Bxe3 c4 68.
Kd2 Kf5 69. a7 Ke4 70. Bh6 Kd4 71. Bg7+ Kc5 72. Bc3 Ba8 73. Bg7 Kb4 74. Bc3+
Kb5 75. Bg7 1/2-1/2

[Event "65. BEM 2011"]
[Site "Dortmund"]
[Date "2011.02.14"]
[Round "4.13"]
[White "Zachos, Ingo"]
[Black "Horenburg, Oliver"]
[Result "0-1"]
[WhiteElo "1999"]
[BlackElo "1785"]
[PlyCount "82"]
[EventDate "2011.??.??"]
[Source "SG Dortmund"]
[SourceDate "2004.12.16"]

1. Nf3 Nc6 2. e4 e5 3. Bb5 a6 4. Ba4 Nf6 5. O-O Be7 6. Re1 b5 7. Bb3 O-O 8. a4
Bb7 9. d3 Na5 10. Ba2 d6 11. Nc3 bxa4 12. Nxa4 Bc6 13. Nc3 Nb7 14. Bc4 a5 15.
h3 Qd7 16. d4 exd4 17. Nxd4 Nc5 18. Nxc6 Qxc6 19. Nd5 Qd7 20. e5 Nxd5 21. Bxd5
c6 22. exd6 Bxd6 23. Bf3 Qc7 24. Be3 Rad8 25. Qe2 Ne6 26. Qc4 Rc8 27. Bg4 Rce8
28. Bd2 Nc5 29. Bxa5 Qxa5 30. b4 Rxe1+ 31. Rxe1 Qa6 32. Qd4 Nb7 33. Be2 Qa8 34.
Bf3 Qc8 35. Qb6 Nd8 36. Ra1 Qe6 37. Rd1 Be7 38. Qc7 Bf6 39. g4 h6 40. Rd3 Qe1+
41. Kg2 Qxb4 0-1

[Event "65. BEM 2011"]
[Site "Dortmund"]
[Date "2011.02.14"]
[Round "4.14"]
[White "Büchle, Manfred"]
[Black "Völler, Lothar"]
[Result "1-0"]
[WhiteElo "1853"]
[BlackElo "1492"]
[PlyCount "97"]
[EventDate "2011.??.??"]
[Source "SG Dortmund"]
[SourceDate "2004.12.16"]

1. e4 e5 2. d4 exd4 3. Bc4 Nf6 4. e5 d5 5. Bd3 Ne4 6. Nf3 Bb4+ 7. Bd2 Nxd2 8.
Nbxd2 c5 9. O-O Bg4 10. Bb5+ Nc6 11. h3 Bxd2 12. hxg4 Bg5 13. b4 Be7 14. bxc5
O-O 15. Bxc6 bxc6 16. Nxd4 Bxc5 17. c3 Qd7 18. f4 Rfe8 19. Kh2 Rab8 20. Kg3
Bxd4 21. cxd4 Rb2 22. Rf3 f5 23. g5 Qe6 24. Rb3 Rb8 25. Rxb8+ Rxb8 26. Rb1 Rb5
27. Rxb5 cxb5 28. Qb3 Qc6 29. Qa3 h6 30. gxh6 gxh6 31. Qxa7 Qc3+ 32. Kh4 Qe1+
33. Kh5 Qh1+ 34. Kg6 Qxg2+ 35. Kxf5 Qe4+ 36. Ke6 Qxf4 37. Qa8+ Kg7 38. Qxd5 Qf1
39. Qd7+ Kg6 40. Qe8+ Kg7 41. Qe7+ Kg8 42. Kd6 b4 43. Qe6+ Kg7 44. Ke7 Qf8+ 45.
Kd7 Qb8 46. Qf6+ Kh7 47. Qe7+ Kg6 48. Qd6+ Qxd6+ 49. Kxd6 1-0

[Event "65. BEM 2011"]
[Site "Dortmund"]
[Date "2011.02.14"]
[Round "4.15"]
[White "Benke, Werner"]
[Black "Riepe, Markus"]
[Result "1-0"]
[WhiteElo "1543"]
[BlackElo "839"]
[PlyCount "79"]
[EventDate "2011.??.??"]
[Source "SG Dortmund"]
[SourceDate "2004.12.16"]

1. d4 e6 2. e4 d5 3. e5 c5 4. c3 Nc6 5. Nf3 g6 6. Bg5 Nge7 7. Bf6 Rg8 8. Be2
Qb6 9. Qb3 Bd7 10. O-O Na5 11. Qxb6 axb6 12. Na3 Bg7 13. Bg5 h6 14. Be3 Nf5 15.
Bb5 c4 16. h3 h5 17. Bg5 Bh6 18. h4 Nc6 19. Nc2 Nce7 20. Bxd7+ Kxd7 21. b3 b5
22. Rfb1 Rgb8 23. Bxh6 Nxh6 24. Ng5 Nef5 25. g3 Ne7 26. Kg2 Neg8 27. bxc4 bxc4
28. Rb6 Ra6 29. Rb5 f5 30. exf6 Nxf6 31. a3 Nf5 32. Rab1 Ra7 33. Rb6 Nd6 34. f3
Ke7 35. Re1 Re8 36. Rxe6+ Kd7 37. Rbxd6+ Kc8 38. Kf2 Rf8 39. Rxf6 Rxf6 40. Rxf6
1-0